| 000 | 00451nam a2200157Ia 4500 | ||
|---|---|---|---|
| 008 | 240729s9999 xx 000 0 und d | ||
| 022 | _a2616-8537 | ||
| 245 | 0 | _aEurasian Journal of Physics and Functional Materials | |
| 260 | _aKazakhstan | ||
| 260 | _bL.N. Gumilyov Eurasian National University | ||
| 650 | _a Physics | ||
| 650 | _aScience | ||
| 856 | _uhttps://doaj.org/toc/14fce68c39e24148ac56e9fca27ba4de | ||
| 942 | _2ddc | ||
| 942 | _cDOAJEJ | ||
| 999 |
_c70995 _d70995 |
||
| 945 |
_a1 _bMadushi Gamage _c1 _dMadushi Gamage |
||